000 00421nam a2200145 a 4500
001 000031974
005 20200930063326.0
008 110707s2006 dr c 000 | spa d
040 _aDO-SdBNP
_bspa
_cBNPHU
110 2 _aConsejo Nacional de Reforma del Estado
_910038
245 1 0 _aQué es la administración pública?
260 _aSanto Domingo :
_bCONARE,
_c2006.
300 _a6 p. :
_bretrs. ;
_c15 cm.
049 _aBNPD
999 _c31465
_d31465